[Event "SVK-ch U14"]
[Site "Tatralandia"]
[Date "2025.05.14"]
[Round "5"]
[White "Stochmal, Matej"]
[Black "Csolle, Robert"]
[Result "1-0"]
[WhiteElo "1689"]
[BlackElo "1619"]
[PlyCount "67"]
[EventDate "2025.05.11"]
[EventType "swiss"]
[EventRounds "9"]
[EventCountry "SVK"]
[SourceTitle "CB21_2025"]
[SourceDate "2025.05.21"]
[SourceVersion "1"]
[SourceVersionDate "2025.05.21"]
[SourceQuality "1"]

1. e4 c5 2. d4 cxd4 3. c3 dxc3 4. Nxc3 e5 5. Nf3 d6 6. Bc4 Bg4 7. h3 Bxf3 8. Qxf3 Qc7 9. Bd5 Nf6 10. 0-0 Be7 11. Be3 0-0 12. Rfd1 Nbd7 13. Rac1 Qa5 14. Qe2 Rab8 15. Qb5 Qxb5 16. Nxb5 a6 17. Na3 Nxd5 18. Rxd5 Nf6 19. Rdd1 Nxe4 20. f3 Bg5 21. Bxg5 Nxg5 22. Rxd6 f6 23. Rc7 Rfc8 24. Rxc8+ Rxc8 25. Rd7 b5 26. Rb7 Rc1+ 27. Kf2 Ra1 28. Nxb5 axb5 29. a3 Ne6 30. Rxb5 Nd4 31. Rb4 Nc2 32. Rc4 Rf1+ 33. Ke2 Nxa3 34. Rc8+ 1-0

[Event "SVK-ch U14"]
[Site "Tatralandia"]
[Date "2025.05.13"]
[Round "4"]
[White "Kordovan, Filip"]
[Black "Stochmal, Matej"]
[Result "1-0"]
[WhiteElo "1610"]
[BlackElo "1689"]
[PlyCount "133"]
[EventDate "2025.05.11"]
[EventType "swiss"]
[EventRounds "9"]
[EventCountry "SVK"]
[SourceTitle "CB21_2025"]
[SourceDate "2025.05.21"]
[SourceVersion "1"]
[SourceVersionDate "2025.05.21"]
[SourceQuality "1"]

1. d4 d5 2. Nf3 Nf6 3. Bg5 e6 4. e3 a6 5. Bd3 c5 6. c3 Be7 7. 0-0 0-0 8. Ne5 Nfd7 9. Bxe7 Qxe7 10. f4 f6 11. Bxh7+ Kxh7 12. Qh5+ Kg8 13. Ng6 Qe8 14. Qh8+ Kf7 15. Nxf8 Qxf8 16. Qxf8+ Kxf8 17. f5 e5 18. Nd2 e4 19. c4 dxc4 20. Nxe4 cxd4 21. exd4 b5 22. a4 bxa4 23. Rxa4 Nb6 24. Raa1 Bb7 25. Rfe1 Nc6 26. Red1 Rd8 27. Nc5 Bc8 28. g4 Rxd4 29. Ne6+ Bxe6 30. Rxd4 Nxd4 31. fxe6 a5 32. Rxa5 Ke7 33. Ra7+ Ke8 34. Rxg7 Nxe6 35. Rb7 Nd7 36. Kf2 Ndc5 37. Rb6 Ke7 38. Ke3 Kd7 39. h4 Kc7 40. Rb4 Kd6 41. Rxc4 Kd5 42. Rc1 Ke5 43. b4 Nb3 44. Rf1 Nbd4 45. b5 Nxb5 46. Rf5+ Kd6 47. Rxb5 Ke7 48. Rb7+ Kf8 49. Rb6 Kf7 50. Ke4 Ng7 51. h5 Ne6 52. h6 Ng5+ 53. Kf5 Nh7 54. Rb7+ Kg8 55. Kg6 Nf8+ 56. Kxf6 Nh7+ 57. Rxh7 Kxh7 58. g5 Kh8 59. Kf7 Kh7 60. g6+ Kxh6 61. g7 Kh5 62. g8Q Kh4 63. Kf6 Kh3 64. Kf5 Kh2 65. Kf4 Kh1 66. Kf3 Kh2 67. Qg2# 1-0

[Event "SVK-ch U14"]
[Site "Tatralandia"]
[Date "2025.05.13"]
[Round "3"]
[White "Stochmal, Matej"]
[Black "Kvassay, Marek"]
[Result "0-1"]
[WhiteElo "1689"]
[BlackElo "1763"]
[PlyCount "78"]
[EventDate "2025.05.11"]
[EventType "swiss"]
[EventRounds "9"]
[EventCountry "SVK"]
[SourceTitle "CB21_2025"]
[SourceDate "2025.05.21"]
[SourceVersion "1"]
[SourceVersionDate "2025.05.21"]
[SourceQuality "1"]

1. e4 c5 2. Nc3 e6 3. g3 Nc6 4. Bg2 Nf6 5. d3 d5 6. Nh3 dxe4 7. Nxe4 Nxe4 8. Bxe4 e5 9. Bg2 Be7 10. 0-0 0-0 11. f3 Be6 12. Nf2 Rc8 13. f4 Bd5 14. Bh3 f5 15. c3 c4 16. Re1 exf4 17. Bxf4 g5 18. Bd2 Rc7 19. Bf1 b5 20. b3 Na5 21. Re5 cxb3 22. axb3 Nxb3 23. Rb1 Nxd2 24. Qxd2 Bf6 25. Rxf5 a6 26. Rc1 Be6 27. Rf3 g4 28. Qe1 gxf3 29. Qxe6+ Kh8 30. Qxa6 Rxc3 31. Rxc3 Bxc3 32. Qxb5 Bd4 33. Bh3 Bxf2+ 34. Kxf2 Qd4+ 35. Ke1 Ra8 36. Qb7 Ra1+ 37. Kd2 Ra2+ 38. Kc1 Qg1+ 39. Bf1 Qxf1# 0-1